Statistics for Every NFL Player to catch a TD in 2022-2023

Click here to take the quiz!

General Stats

  • This quiz has been taken 70 times
  • The average score is 115 of 263

Answer Stats

Team# of TD'sAnswer% Correct
Eagles11A.J. Brown
98%
Raiders14Davante Adams
98%
Lions6Amon-Ra St.Brown
97%
Commanders2Dyami Brown
97%
Bears1Equanimeous St. Brown
97%
Bengals9Ja'Marr Chase
97%
Bills1John Brown
97%
Vikings8Justin Jefferson
97%
Cardinals3Marquise Brown
97%
Cowboys3Noah Brown
97%
Bills11Stefon Diggs
97%
Rams3Van Jefferson
97%
Cowboys9CeeDee Lamb
95%
49ers11George Kittle
95%
Saints2Taysom Hill
95%
Cheifs12Travis Kelce
95%
Seahawks9Tyler Lockett
95%
Dolphins7Tyreek HIll
95%
Cheifs3JuJu Smith-Schuster
93%
Browns9Amari Cooper
92%
Eagles7
DeVonte Smith
92%
Vikings2Irv Smith
92%
Panthers2Shi Smith
92%
Bengals7Tee Higgins
92%
Saints1Tre'Quan Smith
92%
Jets2Corey Davis
90%
49ers2Deebo Samuel
90%
Panthers7DJ Moore
90%
Seahawks6DK Metcalf
90%
Bills7Gabe Davis
90%
Commanders5Terry McLaurin
90%
49ers8Brandon Aiyuk
89%
Texans2Chris Moore
89%
Commanders4Curtis Samuel
89%
Jets1Elijah Moore
89%
Dolphins8Jaylen Waddle
89%
Cardinals1Rondale Moore
89%
Packers5Aaron Jones
85%
Browns3Donovan Peoples-Jones
85%
Buccaneers2Julio Jones
85%
Patriots1Marcus Jones
85%
Jaguars3Marvin Jones
85%
Bears1Velus Jones
85%
Jaguars5Zay Jones
85%
Bengals1Chris Evans
84%
Rams6Cooper Kupp
84%
Vikings2Dalvin Cook
84%
Bills1James Cook
84%
Commanders1Logan Thomas
84%
Saints3Michael Thomas
84%
Buccaneers6Mike Evans
84%
Vikings6Adam Thielen
82%
Buccaneers3Chris Godwin
82%
Jaguars8Christian Kirk
82%
Packers7Christian Watson
79%
Cheifs2Justin Watson
79%
Chargers4Mike Williams
79%
Saints4Chris Olave
77%
Bills6Dawson Knox
77%
Chargers4Keenan Allen
77%
Bengals5Tyler Boyd
77%
49ers5Christian McCaffrey
75%
Vikings6T.J. Hockenson
75%
Broncos6Jerry Jeudy
74%
Broncos2Cortland Sutton
72%
Bears7Cole Kmet
70%
Cowboys4Michael Gallup
70%
Texans2Nico Collins
70%
Chargers5Austin Ekeler
69%
Patriots6Jakobi Meyers
69%
Saints2Alvin Kamara
67%
Jets4Garrett Wilson
67%
Commanders7Jahan Dotson
67%
Dolphins1Jeff Wilson
67%
Ravens5Mark Andrews
67%
Jets1Zach Wilson
67%
Patriots2Hunter Henry
66%
Bengels2Joe Mixon
66%
Vikings5K.J. Osborn
66%
Rams3Allen Robinson
64%
Broncos1Brandon Johnson
64%
Commanders1Brian Robinson
64%
Raven2Demarcus Robinson
64%
Jaguars2James Robinson
64%
Saints7Juwan Johnson
64%
Cheifs2Marquez Valdes-Scantling
64%
Giants1Wan'Dale Robinson
64%
Packers6Allen Lazard
62%
Bears2Darnell Mooney
62%
Cheifs2Kadarius Toney
61%
Packers3Romeo Doubs
61%
Cardinals3DeAndre Hopkins
59%
Falcons4Drake London
57%
Jaguars4Evan Engram
57%
Broncos1Marlon Mack
57%
Texans3Brandin Cooks
56%
Cowboys5Dalton Schultz
56%
Colts2Alec Pierce
54%
Texans1Dameon Pierce
54%
Giants2Darius Slayton
54%
Raiders3Darren Waller
54%
Cheifs9Jerick McKinnon
54%
Cheifs4Mecole Hardman
54%
Dolphins5Mike Gesicki
54%
Seahawks4Noah Fant
54%
Chargers3Josh Palmer
52%
Falcons2Kyle Pitts
52%
Buccaneers2Rachaad White
52%
Packers1Randall Cobb
52%
Steelers4George Pickens
51%
Raiders2Hunter Renfrow
51%
Cowboys3Tony Pollard
51%
Cardinals4Zach Ertz
51%
Chargers4Gerald Everett
49%
Colts4Michael Pittman
49%
Packers2Robert Tonyan
49%
Eagles3Dallas Goedert
48%
Lions3D'Andre Swift
48%
Browns4David Njoku
48%
Titans1Treylon Burks
48%
Colts3Jelani Woods
46%
Titans2Robert Woods
46%
Cardinals1James Conner
43%
Buccaneers2Cade Otton
41%
Cheifs3Clyde Edwards-Helaire
41%
Bears1David Montgomery
41%
Patriots3DeVante Parker
41%
Steelers3Najee Harris
41%
Saints2Rashid Shaheed
41%
Patriots1Ty Montgomery
41%
Steelers1Chase Claypool
39%
Ravens2Rashod Bateman
39%
Ravens1J.K. Dobbins
38%
Patriots1Kendrick Bourne
38%
Buccaneers3Leonard Fournette
38%
Dolphins2Raheem Mostert
38%
Chiefs1Blake Bell
36%
Bills1Devin Singletary
36%
Lions3Josh Reynolds
36%
Cheifs1Noah Gray
36%
Bengals4Samaje Perine
36%
Commanders2Antonio Gibson
34%
Ravens3Devin Duvernay
34%
Browns1Nick Chubb
34%
Eagles3Quez Watkins
34%
Rams3Tyler Higbee
34%
Vikings1Alexander Mattison
33%
Bengal2Hayden Hurst
33%
Titans3Nick Westbrook-Ikhine
31%
Jets1Breece Hall
30%
Giants2Daniel Bellinger
30%
Chargers1Donald Parham
30%
49ers1Jauan Jennings
30%
Jets2C.J. Uzomah
28%
Colts1Deon Jackson
28%
Lions3DJ Chark
28%
Cowboys2Jake Ferguson
28%
Lions1James Mitchell
28%
Lions1Justin Jackson
28%
Patriots1Rhamondre Stevenson
28%
Bears1Khalil Herbert
26%
Jets3Tyler Conklin
26%
Seahawks3Will Dissly
26%
Titans2Austin Hooper
25%
Titans3Chigoziem Okonkwo
25%
Giants4Richie James
25%
Giants1Sterling Shepard
25%
Falcons1Tyler Allgeier
25%
Ravens3Isaiah Likely
23%
Colts3Mo Allie-Cox
23%
Patriots2Nelson Agholor
23%
Falcons3Olamide Zaccheaus
23%
Buccaneers5Russell Gage
23%
Cardinals1Trey McBride
23%
Bills4Isaiah McKenzie
21%
Browns1Kareem Hunt
21%
Seahawks4Marquise Goodwin
21%
Dolphins1Durham Smythe
20%
Saints1Jarvis Landry
20%
Raiders4Mack Hollins
20%
Packers2Mercedes Lewis
20%
Rams1Tutu Atwell
20%
Vikings1Jalen Reagor
18%
Giants1Kenny Golladay
18%
Colts3Parris Campbell
18%
Panthers1Terrace Marshall
18%
Lions4Brock Wright
16%
Seahawks2Colby Parkinson
16%
Raiders2Foster Moreau
16%
Bills1Khalil Shakir
16%
Bengals4Trenton Irwin
16%
Saints1Adam Trautman
15%
Texans1Amari Rodgers
15%
Charger3DeAndre Carter
15%
Cardinals2A.J, Green
13%
Bears2Byron Pringle
13%
Cardinals2Greg Dortch
13%
Broncos2Greg Dulcich
13%
Texans2O.J. Howard
13%
Steelers2Pat Friermuth
13%
Texans1Rex Burkhead
13%
Bills2Trent Sherfield
13%
Steelers1Derek Watt
11%
Browns
1Harrison Bryant
11%
Raiders1Keelan Cole
11%
Saints1Marquez Callaway
11%
Dolphins2River Cracraft
11%
Panthers3Tommy Tremble
11%
Patriots2Tyquan Thornton
11%
Steelers1Connor Heyward
10%
Lions1Jamison Williamson
10%
Ravens1Kenyan Drake
10%
49ers1Kyle Juszczyk
10%
Panthers1Laviska Shenault
10%
Cardinals1Robbie Chosen
10%
49ers1Tevin Coleman
10%
Broncos1Albert Okwuegbunam
8%
Raiders1Ameer Abdullah
8%
Buccaneers1Breshad Perriman
8%
Dolphins1Chase Edmonds
8%
Bears2Damiere Byrd
8%
Jaguars3Jamal Agnew
8%
Commanders1John Bates
8%
Texans5Jordan Atkins
8%
Bears1N'Keal Harry
8%
Bills1Nyheim Hines
8%
Seahawks1Travis Homer
8%
Bears3Dante Pettis
7%
Buccaneers1Ko Kieft
7%
Buccaneers1Kyle Rudolph
7%
Bills1Quintin Morris
7%
49ers1Ray-Ray McCloud
7%
49ers1Ross Dwelley
7%
Packers1Simore Toure
7%
Titans4Dontrell Hilliard
5%
Broncos1Eric Saubert
5%
Cheifs2Jody Fortson
5%
Ravens2Josh Oliver
5%
Falcons1KhaDarel Hodge
5%
Bengals1Michell Wilcox
5%
Cowboys2Peyton Hendershot
5%
Texans2Teagan Quitoriano
5%
Eagles1Zach Pascal
5%
Dolphins1Alec Ingold
3%
Ravens1Chris Myarick
3%
Vikings1Jalen Nailor
3%
Jaguars1JaMycal Hasty
3%
Vikings1Johnny Mundt
3%
Giants1Lawrence Cager
3%
Falcons4Mycole Pruitt
3%
Lions4Shane Zylstra
3%
Chargers2Zander Horvath
3%
Colts1Ashton Dulin
2%
Raiders1Brandon Bolden
2%
Commanders1Dax Milne
2%
Broncos2Eric Tomlinson
2%
Titans1Geoff Swaim
2%
Giants4Isaiah Hodges
2%
Broncos1Jalen Virgil
2%
Texans1Phillip Dorsett
2%
Bills1Reggie Gilliam
2%
Broncos1Tyler Badie
2%
Seahawks1Tyler Mabry
2%

Score Distribution

Percentile by Number Answered

Percent of People with Each Score

Your Score History

You have not taken this quiz